Glossary of judicial and revenue terms and of useful words occurring in official documents (Record no. 14524)

MARC details
000 -LEADER
fixed length control field 00461nam a2200133Ia 4500
082 ## - DEWEY DECIMAL CLASSIFICATION NUMBER
Classification number RR 340.03 GLO;
245 #0 - TITLE STATEMENT
Title Glossary of judicial and revenue terms and of useful words occurring in official documents
Sub Title relating to the administration of the government of British India
260 ## - PUBLICATION, DISTRIBUTION, ETC. (IMPRINT)
Place of publication Delhi
Name of publisher Munshiram Manoharlal Publishers
Year of publication 1968
300 ## - PHYSICAL DESCRIPTION
Number of Pages 727p.
504 ## - BIBLIOGRAPHY, ETC. NOTE
Bibliography, etc Includes index; ref
650 ## - SUBJECT ADDED ENTRY--TOPICAL TERM
Topical Term Law - Dictionaries
700 ## - ADDED ENTRY--PERSONAL NAME
Personal name Wilson, H.H
942 ## - ADDED ENTRY ELEMENTS (KOHA)
Koha item type Books
Holdings
Withdrawn status Lost status Damaged status Not for loan Home library Current library Date acquired Full call number Accession Number Price effective from Koha item type
        NASSDOC Library NASSDOC Library 08/06/2004 RR 340.03 GLO; 1733 18/04/2019 Books